000 00362nam a2200109Ia 4500
008 221009s9999 xx 000 0 und d
082 _a320
100 _aजैन डॉ. पुख्‍राज
_938256
245 0 _aराजनीति विज्ञान के सिद्धान्‍त
260 _bसाहित्‍य भवन
942 _cBK
999 _c64700
_d64700